Biblioteka Instytutu Północnego w Olsztynie

Widok standardowy Widok MARC

Pozycja Geographic Name

Liczba rekordów, w których użyto hasła: 1

001 - Numer kontrolny

  • control field: 41017

003 - Identyfikator numeru kontrolnego

  • control field: NUKAT

005 - Data i czas ostatniej modyfikacji

  • control field: 20260430123903.0

008 - Dane kontrolne kodowane (40 znaków)

  • fixed length control field: 170524n||azznnbabn |a ana |

010 ## - Numer kontrolny Biblioteki Kongresu

  • numer kontrolny LC: p 2017070259

034 ## - CODED CARTOGRAPHIC MATHEMATICAL DATA

  • Coordinates - westernmost longitude: E0212453
  • Coordinates - easternmost longitude: E0212453
  • Coordinates - northernmost latitude: N0500309
  • Coordinates - southernmost latitude: N0500309
  • Source: geonames

035 ## - Numer systemowy

  • numer systemowy: a36354673

040 ## - Instytucja sporządzająca rekord

  • inst. przygot. dane do rek. khw: WA N
  • język haseł przedmiotowych/tezaurus: DBN
  • inst. wprow. rek. khw: WA N

043 ## - Kod obszaru geograficznego

  • ISO code: PL

045 2# - Okres czasu dla hasła

  • okr. czasu od 9999 pne do n.e.: d1945
  • okr. czasu od 9999 pne do n.e.: d1975

151 ## - Hasło - nazwa geograficzna

  • nazwa geograficzna: Powiat dębicki (1945-1975)

368 ## - Other Attributes

  • Juris type: Powiaty

451 ## - Trop zob. - nazwa geograficzna

  • nazwa geograficzna: Dębicki, powiat

451 ## - Trop zob. - nazwa geograficzna

  • nazwa geograficzna: Powiat Dębica

451 ## - Trop zob. - nazwa geograficzna

  • nazwa geograficzna: Dębica, powiat

551 ## - Trop zob. też - nazwa geograficzna

  • podpole kontrolne: g
  • nazwa geograficzna: Województwo rzeszowskie (1945-1975)

670 ## - Źródło informacji

  • źródło informacji: Wikipedia

670 ## - Źródło informacji

  • źródło informacji: Powiat Dębica / Zarząd Topograficzny Szt. Gen. - 1:25 000. - Warszawa, 1961.
Biblioteka Instytutu Północnego, ul. Partyzantów 87, 10-402 Olsztyn, email: biblioteka(at)ip.olsztyn.pl